Ensalada - ¡Muerte Súbita! - Estadísticas

Estadísticas generales
  • Esta prueba ha sido intentada 46 veces
  • La puntuación promedio es 5 de 16
Answers on the Grid
Answers color-coded by a green-red scale on the quiz's grid according to % correct below.
Golbaengi-muchim
Panzanella / Panmolle
Celery Victor
Cheese slaw
Ensalada griega
Ensalada César
Ensalada nizarda
Sel'd' pod shuboi
Tabulé
Snezhanka
Larb / Laab
Tam mak hoong / Tum mak hoong
Karedok
Wurstsalat
Pasembur
Tourtière
Bogavante Thermidor
Laksa
Galbi-gui
Sukiyaki
Biltong
Kharcho
Saure Zipfel
Menudo
Gazpacho
BLT
Panini
Piyaz
 
Estadísticas de respuestas
Respuesta % Correcto
Ensalada griega
87%
Ensalada César
82%
Ensalada nizarda
71%
Tabulé
39%
Wurstsalat
37%
Celery Victor
21%
Tam mak hoong / Tum mak hoong
21%
Sel'd' pod shuboi
18%
Cheese slaw
16%
Golbaengi-muchim
16%
Pasembur
16%
Snezhanka
16%
Karedok
11%
Panzanella / Panmolle
8%
Larb / Laab
5%
Piyaz
0%
No se encontraron pruebas coincidentes
Distribución de puntuación
Porcentaje de gente con cada puntuación
Porcentaje por número respondido
Historial de tus puntuaciones
No has intentado esta prueba.